000 00760nam a22002297a 4500
003 UA-OsUOA
001 37221
007 ta
008 20070110b un ||||| |||| 00| 0 ukr d
090 _a050
_bВ55
942 _cCR
040 _aUA-OsUOA
_bukr
_cUA-OsUOA
_dUA-OsUOA
245 _aВісті Наукового Товариства ім.Шевченка в Європі
300 _a19 с.
955 _a1
041 _aukr
080 _a050
260 _aСарсель
_bНТШ
310 _aСічень 2005; число 28
650 7 _a050 Серійні публікації. Періодика галузі, Організація та інші типи поєднання (співробітництва)
_2UDC
999 _c435744
_d435744